Artificial intelligence and turbo pascal / (Record no. 10381)

MARC details
000 -LEADER
fixed length control field 00719nam a2200241 a 4500
001 - CONTROL NUMBER
control field 00000512
008 - FIXED-LENGTH DATA ELEMENTS--GENERAL INFORMATION
fixed length control field 110328s1987 ii a g 000 0 eng d
040 ## - CATALOGING SOURCE
Original cataloging agency BD-DhIUB
Transcribing agency BD-DhIUB
082 04 - DEWEY DECIMAL CLASSIFICATION NUMBER
Classification number 005.3
Edition number 19
100 1# - MAIN ENTRY--PERSONAL NAME
Personal name Chabris, Christopher F
245 00 - TITLE STATEMENT
Title Artificial intelligence and turbo pascal /
Statement of responsibility, etc Christopher F Chabris
250 ## - EDITION STATEMENT
Edition statement 1st ed.
260 ## - PUBLICATION, DISTRIBUTION, ETC. (IMPRINT)
Place of publication, distribution, etc New Delhi :
Name of publisher, distributor, etc Galgotia Publicatons,
Date of publication, distribution, etc 1987.
300 ## - PHYSICAL DESCRIPTION
Extent (14), 314 p. :
Other physical details ill.
504 ## - BIBLIOGRAPHY, ETC. NOTE
Bibliography, etc Bibliography : p. 227-265
520 0# - SUMMARY, ETC.
Summary, etc Computer Science
556 ## - INFORMATION ABOUT DOCUMENTATION NOTE
Information about documentation note 1993-11-22
526 ## - STUDY PROGRAM INFORMATION NOTE
Department Computer Science and Engineering
650 17 - SUBJECT ADDED ENTRY--TOPICAL TERM
Topical term or geographic name as entry element Artificial intelligence
Source of heading or term Spines
650 17 - SUBJECT ADDED ENTRY--TOPICAL TERM
Topical term or geographic name as entry element Computer programming
Source of heading or term Spines
653 00 - INDEX TERM--UNCONTROLLED
Uncontrolled term Turbo Pascal
Holdings
Withdrawn status Lost status Source of classification or shelving scheme Damaged status Not for loan Home library Current library Shelving location Date acquired Full call number Barcode Date last seen Copy number Price effective from Koha item type
Withdrawn by 65th FC Meeting (2015) LOST Dewey Decimal Classification     Library, Independent University, Bangladesh (IUB) Library, Independent University, Bangladesh (IUB) General Stacks 16/11/1993 005.3 C429a 000858 18/05/2011 1 16/11/1993 Books